000 00315nam a22001337a 4500
008 170726b xxu||||| |||| 00| 0 eng d
020 _a9780201416930
041 _aeng
080 _a004
100 _a30
101 _aSHK
245 _aANALYSIS OF ALGORITHMS AND DATA STRUCTURES
_cBANACHOWSKI,L
942 _2udc
_cBK
999 _c21952
_d21952